Mario Power Tennis - Personnages [avec image] - Statistiques

Statistiques générales
  • Ce quiz a été pris 26 fois
  • Le résultat moyen est 15 sur 18
Statistiques - réponses
Par images Réponse % Correct
Mario
100%
Princesse Peach
100%
Wario
100%
Yoshi
100%
Boo
93%
Bowser
93%
Bowser Jr.
93%
Donkey Kong
93%
Luigi
93%
Princesse Daisy
93%
Waluigi
93%
Diddy Kong
80%
Koopa Troopa
80%
Maskass
67%
Paratroopa
67%
Wiggler
67%
Flora Piranha
60%
Hélico Maskass
33%
Aucun quiz correspondant
Distribution des résultats
% des personnes avec chaque résultat
Percentile par nombre de réponses
Votre historique - résultats
Vous n’avez pas pris ce quiz